书目信息 |
| 题名: |
2026考研政治通关优题库
|
|
| 作者: | 徐涛 主编 | |
| 分册: | ||
| 出版信息: | 北京 中国政法大学出版社 2025 |
|
| 页数: | 393页 | |
| 开本: | 20cm | |
| 丛书名: | ||
| 单 册: | ||
| 中图分类: | D0 | |
| 科图分类: | ||
| 主题词: | 政治理论 | |
| 电子资源: | ||
| ISBN: | 7-5764-1795-1 | |
| 000 | 00604nam0 2200205 450 | |
| 001 | 2639169454 | |
| 005 | 20260414105612.78 | |
| 010 | @a7-5764-1795-1@dCNY99.80 | |
| 100 | @a20260414d2025 km y0chiy0120 ea | |
| 101 | 0 | @achi |
| 102 | @aCN@b110000 | |
| 102 | @aCN@b110000 | |
| 200 | 1 | @a2026考研政治通关优题库@A2026 Kao Yan Zheng Zhi Tong Guan You Ti Ku@f徐涛主编@FXu Tao Zhu Bian |
| 210 | @a北京@c中国政法大学出版社@d2025 | |
| 215 | @a393页@d20cm | |
| 606 | 0 | @a政治理论 |
| 690 | @aD0@v4 | |
| 701 | 0 | @a徐涛@AXu Tao@4主编 |
| 801 | 0 | @aCN@b大连网信软件有限公司图书馆·11@c20260414 |
| 905 | @aZUCC@dD0@e404 | |
| 2026考研政治通关优题库/徐涛主编.-北京:中国政法大学出版社,2025 |
| 393页;20cm |
| ISBN 7-5764-1795-1:CNY99.80 |
| ● |
| 相关链接 |
|
|
|
|
正题名:2026考研政治通关优题库
索取号:D0/404
 
预约/预借
| 序号 | 登录号 | 条形码 | 馆藏地/架位号 | 状态 | 备注 |
| 1 | 1442681 | 214426815 | 第一样本阅览室/ [索取号:D0/404] | 在馆 |